|
|
|
|
| LEADER |
00000nab a2200000uu 4500 |
| 001 |
vtls011434146 |
| 003 |
SK-MaSNL |
| 005 |
20260303145835.0 |
| 008 |
230222|2000 xo |||||||||||||||||slo| |
| 015 |
|
|
|a SNBRB
|
| 035 |
|
|
|a (urnnbn)urn:nbn:sk:snk:ar-001qtn
|
| 035 |
|
|
|a (uuid)a38c2a92-d1c6-47cf-862a-120df34df68e
|
| 035 |
|
|
|a urn:nbn:sk:snk-abca21
|
| 040 |
|
|
|a SNKBUCL
|b slo
|c SNKBUCL
|e AACR2
|
| 041 |
0 |
|
|a slo
|
| 044 |
|
|
|a xo
|c SK
|
| 100 |
1 |
|
|a Mock, Andrej
|4 aut
|9 389900
|
| 245 |
1 |
0 |
|a MNOHONÔŽKY (DIPLOPODA) Z ÚZEMIA SLOVENSKA V ZBIERKACH SLOVENSKÉHO NÁRODNÉHO MÚZEA V BRATISLAVE
|c Andrej Mock, Vladimír Janský
|
| 700 |
1 |
|
|a Janský, Vladimír,
|d 1957-
|4 aut
|9 27936
|
| 773 |
0 |
|
|t Zborník Slovenského národného múzea
|g Roč. 46, č. 46 (2000), s. 3-10
|
| 954 |
|
|
|a odborná, vedecká literatúra pôvodná (slovenská)
|2 lita
|
| 958 |
|
|
|a OND
|
| 958 |
|
|
|a EUIPO
|
| 958 |
|
|
|a article16
|
| 999 |
|
|
|c 2005705
|d 2007635
|